The Hill /

Set in the Libyan Desert during World War II, British soldiers on the brink of collapse push beyond endurance to struggle up "The Hill," a manmade instrument of torture--a tower of sand seared by a white-hot sun. They are in this military prison because they once defied, rebelled and talke...

Full description

Bibliographic Details
Other Authors: Rigby, Ray (Screenwriter), Connery, Sean (Actor), Andrews, Harry, 1911-1989 (Actor), Bannen, Ian, 1928-1999 (Actor), Lynch, Alfred, 1931-2003 (Actor), Davis, Ossie (Actor), Kinnear, Roy, 1934-1988 (Actor), Watson, Jack, 1915-1999 (Actor), Hendry, Ian, 1931-1984 (Actor), Redgrave, Michael (Actor), Morris, Oswald, 1915-2014 (director of photography.)
Format: Video DVD
Language:English
French
Language Notes:English and dubbed French soundtracks with optional English, French or Spanish subtitles; closed-captioned.
Published: [Burbank, California] : Turner Entertainment Co. : Warner Bros. Entertainment, Inc., [2015]
Series:Archive collection.
Subjects:

MARC

Tag First Indicator Second Indicator Subfields
LEADER 00000cgm a2200000Ii 4500
001 in00004014721
005 20181128100347.0
007 vd bvaizm
008 150910t20152015cau123 vleng d
035 |a (OCoLC)ocn920701668 
040 |a IHI  |b eng  |e rda  |c IHI  |d OCLCO  |d OCLCF  |d OCLCO  |d OCLCA  |d IUL  |d OCLCA 
024 1 |a 888574295158 
035 |a (OCoLC)920701668 
037 |b Midwest Tape  |n http://www.midwesttapes.com 
041 1 |a eng  |a fre  |j eng  |j fre  |j spa  |h eng 
043 |a f-ly---  |a e-uk-en 
046 |k 1965 
050 4 |a PN1997  |b .H555 2015 
082 0 4 |a 791.43/72  |2 22 
090 |a PN1995.9.P68  |b H55 1995 
049 |a TXAM 
245 0 4 |a The Hill /  |c Metro-Goldwyn-Mayer and Seven-Arts Productions present a Kenneth Hyman production ; screenplay by Ray Rigby ; produced by Kenneth Hyman ; directed by Sidney Lumet. 
264 1 |a [Burbank, California] :  |b Turner Entertainment Co. :  |b Warner Bros. Entertainment, Inc.,  |c [2015] 
264 2 |a Burbank, CA :  |b Warner Home Video,  |c [2015] 
264 4 |c ©2015 
300 |a 1 videodisc (123 min.) :  |b sound, black and white ;  |c 4 3/4 in. 
336 |a two-dimensional moving image  |b tdi  |2 rdacontent 
337 |a video  |b v  |2 rdamedia 
338 |a videodisc  |b vd  |2 rdacarrier 
344 |a digital  |b optical  |g mono  |h Dolby digital  |2 rda 
346 |b NTSC  |2 rda 
347 |a video file  |b DVD video 
380 |a Motion picture 
490 1 |a WB Home Entertainment Company archive collection 
538 |a DVD-R; NTSC; Dolby digital mono. 
500 |a This disc is a recorded DVD and may not play in all DVD players or drives. 
500 |a Wide screen (1.85:1). 
546 |a English and dubbed French soundtracks with optional English, French or Spanish subtitles; closed-captioned. 
511 1 |a Sean Connery, Harry Andrews, Ian Bannen, Alfred Lynch, Ossie Davis, Roy Kinnear, Jack Watson, Ian Hendry, Sir Michael Redgrave. 
508 |a Director of photography, Oswald Morris ; editor, Thelma Connell. 
500 |a Originally released as a motion picture in 1965. 
500 |a Based on an original play by Ray Rigby and R.S. Allen. 
521 8 |a Not rated. 
586 |a British Academy of Film and Television Arts, 1966: Film awards, Best British cinematograpy, black and white 
520 |a Set in the Libyan Desert during World War II, British soldiers on the brink of collapse push beyond endurance to struggle up "The Hill," a manmade instrument of torture--a tower of sand seared by a white-hot sun. They are in this military prison because they once defied, rebelled and talked back to their superiors. 
500 |a Special features: Vintage featurette "The sun ... the sand ... The Hill"; 1965 war movies theatrical trailer gallery (The hill, Operation Crossbow and Battle of the Bulge). 
650 0 |a World War, 1939-1945  |x Prisoners and prisons  |v Drama. 
650 0 |a Military prisons  |z Libyan Desert  |v Drama. 
650 0 |a Torture  |z Libyan Desert  |v Drama. 
650 0 |a Soldiers  |z Great Britain  |v Drama. 
651 0 |a Libyan Desert  |v Drama. 
650 7 |a Guerra Mundial II, 1939-1945  |x Prisioneros y prisiones  |v Teatro.  |2 bidex 
650 7 |a Soldados  |z Gran Bretaña  |v Teatro.  |2 bidex 
650 7 |a Desiertos  |z África del Norte  |v Teatro.  |2 bidex 
600 1 7 |a Rigby, Ray.  |2 fast  |0 (OCoLC)fst01475788 
611 2 7 |a World War (1939-1945)  |2 fast  |0 (OCoLC)fst01180924 
650 7 |a Military prisons.  |2 fast  |0 (OCoLC)fst01021408 
650 7 |a Prisoners.  |2 fast  |0 (OCoLC)fst01077103 
650 7 |a Prisoners of war.  |2 fast  |0 (OCoLC)fst01077227 
650 7 |a Soldiers.  |2 fast  |0 (OCoLC)fst01125233 
650 7 |a Torture.  |2 fast  |0 (OCoLC)fst01152956 
651 7 |a Africa  |z Libyan Desert.  |2 fast  |0 (OCoLC)fst01241070 
651 7 |a Great Britain.  |2 fast  |0 (OCoLC)fst01204623 
648 7 |a 1939-1945  |2 fast 
655 7 |a War films.  |2 lcgft 
655 7 |a Film adaptations.  |2 lcgft 
655 7 |a Fiction films.  |2 lcgft 
655 7 |a Feature films.  |2 lcgft 
655 7 |a Video recordings for the hearing impaired.  |2 lcgft 
655 7 |a Drama.  |2 fast  |0 (OCoLC)fst01423879 
655 7 |a Feature films.  |2 fast  |0 (OCoLC)fst01710384 
655 7 |a Fiction films.  |2 fast  |0 (OCoLC)fst01710264 
655 7 |a Film adaptations.  |2 fast  |0 (OCoLC)fst01710491 
655 7 |a Video recordings for the hearing impaired.  |2 fast  |0 (OCoLC)fst01710450 
655 7 |a War films.  |2 fast  |0 (OCoLC)fst01710402 
700 1 |a Lumet, Sidney,  |d 1924-2011,  |e film director. 
700 1 |a Hyman, Kenneth,  |d 1928-  |e film producer. 
700 1 |a Rigby, Ray,  |e screenwriter. 
700 1 |a Connery, Sean,  |e actor. 
700 1 |a Andrews, Harry,  |d 1911-1989,  |e actor. 
700 1 |a Bannen, Ian,  |d 1928-1999,  |e actor. 
700 1 |a Lynch, Alfred,  |d 1931-2003,  |e actor. 
700 1 |a Davis, Ossie,  |e actor. 
700 1 |a Kinnear, Roy,  |d 1934-1988,  |e actor. 
700 1 |a Watson, Jack,  |d 1915-1999,  |e actor. 
700 1 |a Hendry, Ian,  |d 1931-1984,  |e actor. 
700 1 |a Redgrave, Michael,  |e actor. 
700 1 |a Morris, Oswald,  |d 1915-2014,  |e director of photography. 
700 1 |a Connell, Thelma,  |d 1912-1976,  |e editor of moving image work. 
700 1 |i Motion adaptation of (work):  |a Rigby, Ray.  |t Hill. 
710 2 |a Metro-Goldwyn-Mayer,  |e presenter,  |e production company. 
710 2 |a Seven Arts Productions,  |e presenter,  |e production company. 
710 2 |a Turner Entertainment Co.,  |e publisher. 
710 2 |a Warner Bros. Entertainment,  |e publisher. 
710 2 |a Warner Home Video (Firm),  |e film distributor. 
730 0 2 |i Container of (work):  |a Hill (Motion picture : 1965) 
730 0 2 |i Container of (expression):  |a Hill (Motion picture : 1965).  |l French. 
830 0 |a Archive collection. 
994 |a C0  |b TXA 
948 |a cataloged  |b h  |c 2018/11/28  |d c  |e blrosas  |f 10:03:21 am 
999 f f |s 2b552b9e-9c4a-3c21-95d1-ca9fc330179f  |i 79a72c77-1e54-3080-8dec-42073f309223  |t 0 
952 f f |p dvd  |a Texas A&M University  |b College Station  |c Sterling C. Evans Library  |d Evans: Media and Reserves (Annex 1st floor)  |t 0  |e PN1995.9.P68 H55 1995  |h Library of Congress classification  |i video -- videodisc  |m A14850676876 
998 f f |a PN1995.9.P68 H55 1995  |t 0  |l Evans: Media and Reserves (Annex 1st floor)